Snatak Mahalar Bharatia Samaj Paddhati : (Record no. 4704)

MARC details
000 -LEADER
fixed length control field 00586cam a2200217ua 4500
008 - FIXED-LENGTH DATA ELEMENTS--GENERAL INFORMATION
fixed length control field 141117n ii |||gr||||Z||||||asm
020 ## - INTERNATIONAL STANDARD BOOK NUMBER
International Standard Book Number 61-733-367-2
040 ## - CATALOGING SOURCE
Transcribing agency MAIN
041 ## - LANGUAGE CODE
-- asm
082 ## - DEWEY DECIMAL CLASSIFICATION NUMBER
Classification number 301.0954
245 ## - TITLE STATEMENT
Title Snatak Mahalar Bharatia Samaj Paddhati :
Remainder of title Indian Social System /
Statement of responsibility, etc. by Utpal Saikia .
250 ## - EDITION STATEMENT
Edition statement 4th rev.
260 ## - PUBLICATION, DISTRIBUTION, ETC.
Place of publication, distribution, etc. Dibrugarh:
Name of publisher, distributor, etc. Banalata,
Date of publication, distribution, etc. 2011.
300 ## - PHYSICAL DESCRIPTION
Extent x,332p.
700 ## - ADDED ENTRY--PERSONAL NAME
Personal name Saikia,Utpal,
Relator term
942 ## - ADDED ENTRY ELEMENTS (KOHA)
Koha item type Books
653 ## - INDEX TERM--UNCONTROLLED
Uncontrolled term Sociology
653 ## - INDEX TERM--UNCONTROLLED
Uncontrolled term Snatak Mahalar Bharatiya Samaj Paddhati
653 ## - INDEX TERM--UNCONTROLLED
Uncontrolled term Indian sociology
Holdings
Withdrawn status Lost status Damaged status Not for loan Home library Current library Shelving location Date acquired Total Checkouts Full call number Barcode Date last seen Date last checked out Copy number Price effective from Koha item type
        Central Library, Naharkatiya College Central Library, Naharkatiya College General Stacks 19/09/2020 6 301.0954 | SAI 21970 14/06/2025 10/04/2025 1 19/09/2020 Books
        Central Library, Naharkatiya College Central Library, Naharkatiya College General Stacks 19/09/2020 17 301.0954 | SAI 22361 28/03/2024 09/11/2022 2 19/09/2020 Books

Naharkatiya College © 2020. All rights reserved.

Powered By